000
00307nam a2200133Ia 4500
005
20251222143239.0
008
251222s9999||||xx |||||||||||||| ||spa||
020
_a
950-49-1078-5
082
_a
158.1/R52
100
_a
Ribeiro, Lair
245
0
_a
Inteligencia Aplicada:
264
_b
Planeta
942
_c
LIB
999
_c
14487
_d
14487